Tuyển tập ký - tản văn Thăng Long - Hà Nội T.1

Сохранить в:
Библиографические подробности
Другие авторы: Nguyễn, Đăng Điệp (Chủ trì), Phan, Kế Bính (Sưu tầm, tuyển chọn), Vũ Bão (Sưu tầm, tuyển chọn), Vũ, Bằng (Sưu tầm, tuyển chọn)
Формат:
Язык:Vietnamese
Опубликовано: H. Hà Nội 2010
Предметы:
Метки: Добавить метку
Нет меток, Требуется 1-ая метка записи!
Thư viện lưu trữ: Trung tâm Học liệu Lê Vũ Hùng, Trường Đại học Đồng Tháp
LEADER 01119aam a22002898a 4500
001 00029356
008 120627s2010 ||||||viesd
005 20171026081025.0
041 0 # |a vie 
082 1 # |a 895.922 300 8  |b T527T 
245 1 0 |a Tuyển tập ký - tản văn Thăng Long - Hà Nội  |c Vũ Bằng, Vũ Bão, Phan Kế Bính ...(S.t., tuyển chọn); Nguyễn Đăng Hiệp (chủ trì)  |n T.1 
260 # # |a H.  |b Hà Nội  |c 2010 
300 # # |c 24cm.  |a 744tr. 
500 # # |a Tủ sách Thăng Long ngàn năm văn hiến 
653 # # |a Ký 
653 # # |a Hà Nội 
653 # # |a Sưu tập 
653 # # |a Việt Nam 
653 # # |a Tản văn 
700 1 # |a Nguyễn, Đăng Điệp  |e Chủ trì 
700 1 # |a Phan, Kế Bính  |e Sưu tầm, tuyển chọn 
700 1 # |a Vũ Bão  |e Sưu tầm, tuyển chọn 
700 1 # |a Vũ, Bằng  |e Sưu tầm, tuyển chọn 
852 # # |j KD.0013731 
852 # # |b Kho đọc  |j KD.0013731 
910 0 # |d 13/6/2012  |a kchi 
980 # # |a Trung tâm Học liệu Lê Vũ Hùng, Trường Đại học Đồng Tháp